00709cam a2200205 a 45000010009000000050017000090080041000260200021000670410008000880800015000961000017001112450106001282500012002342640046002463000034002926530029003266530066003557000043004217000039004641701780820221107151509.0111019s2012 paua b 001 0 eng  a9781437724110 X aeng a615.8 A-54 aAndrews J.R.00aPhysical rehabilitation of the injured athlete /cJames R. Andrews, Gary L. Harrelson, Kevin E. Wilk. a4th ed. aPhiladelphia :bElsevier/Saunders,c2012. a618 p. :bcol. ill. ;c29 cm. aმედიცინა aფიზიკური რეაბილიტაცია1 aHarrelson, Gary L.eავტორი1 aWilk, Kevin E.eავტორი